000 00661cam a22002293a 4500
001 34848
003 PGUSA
005 20140828083742.0
008 110105s2011||||xxu|||||s|||||000 | eng d
040 _aPGUSA
_beng
042 _adc
050 4 _aQH
100 1 _aVaughan, Terry A.
245 1 0 _aMammals of the San Gabriel Mountains of California
_h[electronic resource] /
_cTerry A. Vaughan
260 _bProject Gutenberg,
_c2011
506 _aPublic domain in the USA.
516 _aElectronic text
653 _aMammals -- California, Southern
830 0 _aProject Gutenberg
_v34848
856 4 0 _uhttp://www.gutenberg.org/ebooks/34848
942 _cEB
999 _c264103
_d264103